[Event "Catalunya-chT Gp1 final"]
[Site "Barcelona"]
[Date "2016.03.12"]
[Round "1.1"]
[White "Codina Garcia, Jose"]
[Black "Vives Jaume, Oriol"]
[Result "1-0"]
[WhiteElo "2104"]
[BlackElo "2083"]
[PlyCount "137"]
[EventDate "2016.03.12"]
[EventType "team-tourn"]
[EventRounds "4"]
[EventCountry "ESP"]
[SourceTitle "CBM 171 Extra"]
[Source "ChessBase"]
[SourceDate "2016.04.26"]
[SourceVersion "1"]
[SourceVersionDate "2016.04.26"]
[SourceQuality "1"]
[WhiteTeam "Lleida"]
[BlackTeam "Cerdanyola Valles"]
[WhiteTeamCountry "ESP"]
[BlackTeamCountry "ESP"]

1. e4 Nf6 2. e5 Nd5 3. Nf3 d6 4. d4 Bg4 5. exd6 exd6 6. Be2 Be7 7. c4 Nb6 8. d5 0-0 9. Nbd2 Re8 10. 0-0 N8d7 11. Nd4 Bxe2 12. Nxe2 Bf6 13. Ng3 g6 14. Qc2 Nc5 15. Nde4 Nbd7 16. Nxc5 Nxc5 17. Bd2 Be5 18. Rae1 f5 19. b4 Nd7 20. Ne2 Qf6 21. Qc1 Bb2 22. Qc2 Be5 23. Nf4 Nf8 24. Nd3 Bd4 25. Qc1 Qf7 26. Bh6 Bg7 27. Bg5 Bf6 28. Bf4 Rxe1 29. Rxe1 Re8 30. b5 Rxe1+ 31. Qxe1 Qe7 32. Qxe7 Bxe7 33. Be3 a5 34. bxa6 bxa6 35. Nb4 Nd7 36. Nxa6 Ne5 37. c5 dxc5 38. Bxc5 Bd8 39. d6 cxd6 40. Bxd6 Nc4 41. Bc5 Kf7 42. Kf1 Ke6 43. Nb4 Ba5 44. Ke2 Bxb4 45. Bxb4 Kd5 46. f3 Ne5 47. Bc3 Nd7 48. Kd2 Kc4 49. Bg7 Nc5 50. Ke3 Nd3 51. Kd2 Nb4 52. a3 Nd5 53. g3 Kb3 54. Bf8 Kc4 55. h4 Nc3 56. Be7 Nd5 57. Bd6 Nc3 58. Bb4 Nd5 59. Bf8 Nc3 60. Ke3 Nd5+ 61. Ke2 Nc3+ 62. Kd2 Nd5 63. a4 Nc7 64. Bd6 Nd5 65. a5 Kb5 66. Kd3 Kxa5 67. Kd4 Nf6 68. Ke5 Nh5 69. Ke6 1-0

[Event "Catalunya-chT Gp2"]
[Site "Barcelona"]
[Date "2015.01.24"]
[Round "1.3"]
[White "Bautista Sanchez, Joan"]
[Black "Vives Jaume, Oriol"]
[Result "1/2-1/2"]
[WhiteElo "2182"]
[BlackElo "2098"]
[PlyCount "82"]
[EventDate "2015.01.24"]
[EventType "team-tourn"]
[EventRounds "7"]
[EventCountry "ESP"]
[SourceTitle "CBM 164 Extra"]
[Source "ChessBase"]
[SourceDate "2015.03.02"]
[SourceVersion "1"]
[SourceVersionDate "2015.03.02"]
[SourceQuality "1"]
[WhiteTeam "Sant Andreu"]
[BlackTeam "Cerdanyola Valles"]
[WhiteTeamCountry "ESP"]
[BlackTeamCountry "ESP"]

1. Nf3 Nf6 2. c4 c6 3. Nc3 d5 4. e3 e6 5. b3 Bd6 6. Bb2 0-0 7. d4 Nbd7 8. Be2 b6 9. cxd5 cxd5 10. 0-0 a6 11. Rc1 Bb7 12. Na4 Qe7 13. Ne5 Rfc8 14. Nxd7 Nxd7 15. Qd2 b5 16. Nc3 Nf6 17. Bf3 Bc6 18. Rc2 Rc7 19. Rfc1 Rac8 20. h3 b4 21. Na4 Bxa4 22. bxa4 a5 23. Rxc7 Rxc7 24. Rxc7 Qxc7 25. Qc1 Qc4 26. Qb1 b3 27. axb3 Qxb3 28. Bd1 Qb4 29. Bc2 g6 30. g3 Ne4 31. Bxe4 dxe4 32. Qc2 h5 33. h4 Bf8 34. Kg2 Qb7 35. Bc3 Bb4 36. Qb3 Kh7 37. Qc4 Qd5 38. Qc7 Bxc3 39. Qxc3 Kg7 40. Qc7 Kg8 41. Qb8+ Kg7 1/2-1/2

[Event "Catalunya-chT"]
[Site "Catalunya"]
[Date "2014.03.01"]
[Round "6.1"]
[White "Fernandez Madrid, Carlos"]
[Black "Vives Jaume, Oriol"]
[Result "1-0"]
[WhiteElo "2135"]
[BlackElo "2098"]
[PlyCount "69"]
[EventDate "2014.01.25"]
[EventType "team"]
[EventRounds "11"]
[EventCountry "ESP"]
[SourceTitle "EXT 2015"]
[Source "ChessBase"]
[SourceDate "2014.11.20"]
[SourceVersion "1"]
[SourceVersionDate "2014.11.20"]
[SourceQuality "1"]
[WhiteTeam "Badalona Sant Josep"]
[BlackTeam "Cerdanyola Valles"]
[WhiteTeamCountry "ESP"]
[BlackTeamCountry "ESP"]

1. d4 d5 2. Nf3 Nf6 3. g3 Bf5 4. Bg2 e6 5. 0-0 Nbd7 6. Nbd2 Be7 7. c4 c6 8. b3 h6 9. Bb2 0-0 10. Ne5 Qb6 11. Nxd7 Nxd7 12. e4 dxe4 13. Bxe4 Bxe4 14. Nxe4 Nf6 15. Re1 Rfd8 16. Qf3 Nxe4 17. Rxe4 Rd7 18. Rg4 h5 19. Re4 Bf6 20. Qxh5 g6 21. Qf3 Bxd4 22. Bxd4 Rxd4 23. Rxd4 Qxd4 24. Rd1 Qb6 25. Rd7 Rf8 26. h4 Qa6 27. h5 Qxa2 28. Rxb7 c5 29. h6 Qa1+ 30. Kg2 Qc1 31. h7+ Kg7 32. Rxa7 Qc2 33. Rc7 e5 34. Re7 Kxh7 35. Rxe5 1-0

[Event "Cerdanyola MC 3rd"]
[Site "Cerdanyola del Valles"]
[Date "2013.10.05"]
[Round "1"]
[White "Saez Coma, Alejandro"]
[Black "Vives Jaume, Oriol"]
[Result "1/2-1/2"]
[WhiteElo "2069"]
[BlackElo "2115"]
[PlyCount "142"]
[EventDate "2013.10.05"]
[EventType "tourn"]
[EventRounds "9"]
[EventCountry "ESP"]
[SourceTitle "EXT 2015"]
[Source "ChessBase"]
[SourceDate "2014.11.20"]
[SourceVersion "1"]
[SourceVersionDate "2014.11.20"]
[SourceQuality "1"]

1. d4 d5 2. c4 c6 3. Nf3 Nf6 4. e3 e6 5. b3 Nbd7 6. Bb2 Bb4+ 7. Nbd2 0-0 8. Bd3 Ne4 9. a3 Ba5 10. b4 Nxd2 11. Qxd2 Bc7 12. 0-0 Re8 13. Qc2 dxc4 14. Bxh7+ Kh8 15. Ne5 Bxe5 16. dxe5 b5 17. Be4 Bb7 18. Rad1 Qc7 19. Qe2 g6 20. Qf3 Nb6 21. Rd4 Qe7 22. Bxc6 Bxc6 23. Qxc6 Nd5 24. Qxb5 c3 25. Bc1 Qg5 26. f4 Qh5 27. e4 Nb6 28. Qd3 Rac8 29. Rf3 Kg7 30. Qc2 Red8 31. Rxd8 Rxd8 32. Rd3 Rc8 33. Rxc3 Rxc3 34. Qxc3 Qd1+ 35. Kf2 Na4 36. Qd2 Qb3 37. Qe3 Nc3 38. Kg3 Nxe4+ 39. Kf3 Qd1+ 40. Qe2 Qxc1 41. Qxe4 Qxa3+ 42. Kg4 Qa4 43. Qe1 Qc2 44. Kf3 Qb3+ 45. Qe3 Qxb4 46. Qxa7 Qb3+ 47. Qe3 Qd1+ 48. Kg3 Qc2 49. Qf3 Qd2 50. h3 Qe1+ 51. Qf2 Qc3+ 52. Qf3 Qe1+ 53. Kh2 Qd2 54. h4 Qe1 55. Qg4 Kf8 56. Qg5 Ke8 57. h5 gxh5 58. Qxh5 Qf2 59. Qg4 Qf1 60. Qf3 Qe1 61. Qg3 Qf1 62. Kh3 Qh1+ 63. Kg4 Qh7 64. Qh4 Qf5+ 65. Kg3 Qd3+ 66. Kh2 Qf1 67. Qg5 Qf2 68. Qg8+ Ke7 69. Qg3 Qf1 70. Kh3 Qh1+ 71. Qh2 Qb1 1/2-1/2

[Event "Catalunya-chT Honor"]
[Site "Catalunya"]
[Date "2013.04.06"]
[Round "10.9"]
[White "Vives Jaume, Oriol"]
[Black "Ibanez Tarradellas, Eduardo"]
[Result "0-1"]
[WhiteElo "2098"]
[BlackElo "2316"]
[PlyCount "60"]
[EventDate "2013.01.19"]
[EventType "team-tourn"]
[EventRounds "11"]
[EventCountry "ESP"]
[SourceTitle "EXT 2014"]
[Source "ChessBase"]
[SourceDate "2013.11.20"]
[SourceVersion "1"]
[SourceVersionDate "2013.11.20"]
[SourceQuality "1"]
[WhiteTeam "Cerdanyola Valles"]
[BlackTeam "Barcelona Uga"]
[WhiteTeamCountry "ESP"]
[BlackTeamCountry "ESP"]

1. d4 d5 2. c4 Nc6 3. Nc3 dxc4 4. Nf3 Nf6 5. d5 Na5 6. e4 c6 7. Ne5 e6 8. dxc6 Qxd1+ 9. Kxd1 Bb4 10. f3 0-0 11. Kc2 b6 12. Bxc4 Nxc4 13. Nxc4 Ba6 14. Ne5 Rac8 15. Rd1 Ne8 16. Nd3 Be7 17. a3 Bxd3+ 18. Rxd3 Rxc6 19. Be3 Nd6 20. Rad1 Nc4 21. Bd4 Rfc8 22. Kb3 g6 23. Ne2 b5 24. Bc3 e5 25. Bb4 Bf6 26. Nc3 a5 27. Bd6 Rb6 28. Nd5 Rb7 29. Be7 Bxe7 30. Nxe7+ Rxe7 0-1

[Event "Catalunya-chT Honor"]
[Site "Catalunya"]
[Date "2013.02.16"]
[Round "5.7"]
[White "Colon Garcia, Enrique"]
[Black "Vives Jaume, Oriol"]
[Result "1-0"]
[WhiteElo "2337"]
[BlackElo "2098"]
[PlyCount "57"]
[EventDate "2013.01.19"]
[EventType "team-tourn"]
[EventRounds "11"]
[EventCountry "ESP"]
[SourceTitle "EXT 2014"]
[Source "ChessBase"]
[SourceDate "2013.11.20"]
[SourceVersion "1"]
[SourceVersionDate "2013.11.20"]
[SourceQuality "1"]
[WhiteTeam "Colon Sabadell"]
[BlackTeam "Cerdanyola Valles"]
[WhiteTeamCountry "ESP"]
[BlackTeamCountry "ESP"]

1. e4 Nf6 2. e5 Nd5 3. d4 d6 4. Nf3 Bg4 5. Be2 e6 6. 0-0 Be7 7. c4 Nb6 8. exd6 cxd6 9. Nc3 0-0 10. Be3 Nc6 11. b3 Bf6 12. Rc1 d5 13. c5 Nc8 14. Ne1 Bxe2 15. Nxe2 N8e7 16. g4 Ng6 17. f4 Re8 18. Nf3 Be7 19. Kh1 Nh4 20. Neg1 Nxf3 21. Nxf3 Bf8 22. a3 Qa5 23. Bd2 Qxa3 24. Ra1 Qb2 25. Be1 Nxd4 26. Nxd4 Bxc5 27. Nb5 Qf6 28. Nc7 Qg6 29. Nxa8 1-0

[Event "Catalunya-chT Honor"]
[Site "Catalunya"]
[Date "2013.01.26"]
[Round "2.10"]
[White "Vives Jaume, Oriol"]
[Black "Rafiee, Makan"]
[Result "1/2-1/2"]
[WhiteElo "2098"]
[BlackElo "2148"]
[PlyCount "142"]
[EventDate "2013.01.19"]
[EventType "team-tourn"]
[EventRounds "11"]
[EventCountry "ESP"]
[SourceTitle "CBM 152 Extra"]
[Source "ChessBase"]
[SourceDate "2013.02.25"]
[SourceVersion "1"]
[SourceVersionDate "2013.02.25"]
[SourceQuality "1"]
[WhiteTeam "Cerdanyola Valles"]
[BlackTeam "Barbera"]
[WhiteTeamCountry "ESP"]
[BlackTeamCountry "ESP"]

1. d4 Nf6 2. c4 c5 3. d5 e6 4. Nc3 exd5 5. cxd5 d6 6. e4 g6 7. Bd3 Bg7 8. h3 0-0 9. Nf3 b5 10. Nxb5 Re8 11. 0-0 Nxe4 12. Re1 a6 13. Qa4 Bd7 14. Qa3 Qb6 15. Rxe4 Rxe4 16. Bxe4 Qxb5 17. Bd3 Qb7 18. Nd2 Bb5 19. Qb3 Ra7 20. Ne4 Be5 21. Be3 f5 22. Ng5 Nd7 23. Rb1 Bxd3 24. Qxd3 Qb5 25. Qd2 Rb7 26. Ne6 Nb6 27. Bh6 Nd7 28. Nd8 Rb6 29. Be3 Nf6 30. f3 Qc4 31. Nc6 Bg3 32. b3 Kf7 33. bxc4 Rxb1+ 34. Qc1 Rxc1+ 35. Bxc1 Nd7 36. Kf1 Nb6 37. Na5 Be5 38. Bd2 Kf6 39. Ke2 g5 40. Kd3 h5 41. Nc6 Nd7 42. Ba5 g4 43. Bd8+ Kf7 44. fxg4 fxg4 45. hxg4 hxg4 46. Ke4 Kg6 47. Ne7+ Kh5 48. Nf5 Kg6 49. Ne3 g3 50. Nf5 Kf7 51. Kf3 Kg6 52. Nh4+ Kf7 53. Nf5 Kg6 54. Ne7+ Kf7 55. Nf5 Kg6 56. Kg4 Kf7 57. Bh4 Nb6 58. Bxg3 Bxg3 59. Kxg3 Nxc4 60. Kf4 Kg6 61. g4 Nb6 62. Nh4+ Kf7 63. Ke4 Na4 64. Kd3 Nb6 65. Nf5 Nxd5 66. Nxd6+ Ke6 67. Ne4 Nb4+ 68. Kc4 Nxa2 69. Nxc5+ Ke5 70. Nd3+ Kf6 71. Kb3 Nc1+ 1/2-1/2

[Event "Cerdanyola del Valles 2nd"]
[Site "Cerdanyola del Valles"]
[Date "2012.11.17"]
[Round "8"]
[White "Vives Jaume, Oriol"]
[Black "Guasch Sariol, Jaume"]
[Result "1-0"]
[WhiteElo "2099"]
[BlackElo "2111"]
[PlyCount "43"]
[EventDate "2012.09.29"]
[EventType "tourn"]
[EventRounds "9"]
[EventCountry "ESP"]
[SourceTitle "EXT 2014"]
[Source "ChessBase"]
[SourceDate "2013.11.20"]
[SourceVersion "1"]
[SourceVersionDate "2013.11.20"]
[SourceQuality "1"]

1. d4 d5 2. c4 e6 3. Nc3 Nf6 4. cxd5 exd5 5. Bg5 Be7 6. e3 c6 7. Bd3 Nbd7 8. Nge2 0-0 9. 0-0 Re8 10. Qc2 Nf8 11. f3 g6 12. Rad1 Ne6 13. Bh4 Ng7 14. e4 dxe4 15. fxe4 Ng4 16. Bxe7 Qxe7 17. Qd2 Be6 18. e5 c5 19. h3 cxd4 20. Ne4 Ne3 21. Nf6+ Kh8 22. Nxd4 1-0

[Event "Cerdanyola del Valles 2nd"]
[Site "Cerdanyola del Valles"]
[Date "2012.11.01"]
[Round "5"]
[White "Diaz Camallonga, Carles"]
[Black "Vives Jaume, Oriol"]
[Result "1-0"]
[WhiteElo "2146"]
[BlackElo "2099"]
[PlyCount "59"]
[EventDate "2012.09.29"]
[EventType "tourn"]
[EventRounds "9"]
[EventCountry "ESP"]
[SourceTitle "EXT 2014"]
[Source "ChessBase"]
[SourceDate "2013.11.20"]
[SourceVersion "1"]
[SourceVersionDate "2013.11.20"]
[SourceQuality "1"]

1. e4 e6 2. d4 d5 3. Nc3 Nf6 4. e5 Nfd7 5. f4 c5 6. Nf3 Nc6 7. Be3 a6 8. Qd2 b5 9. dxc5 Bxc5 10. Ne2 Qb6 11. Bxc5 Nxc5 12. Ned4 0-0 13. 0-0-0 Nxd4 14. Nxd4 b4 15. g4 f6 16. exf6 Rxf6 17. Bg2 Bb7 18. Rhe1 Raf8 19. f5 exf5 20. Nxf5 Ne4 21. Qd4 Qc7 22. Bxe4 dxe4 23. Qxb4 Kh8 24. Kb1 Bc6 25. Qc3 Qf7 26. Nd6 Qc7 27. Nxe4 Re6 28. Ng3 Rxe1 29. Rxe1 Qb7 30. Nf5 1-0

[Event "Cerdanyola del Valles 2nd"]
[Site "Cerdanyola del Valles"]
[Date "2012.10.27"]
[Round "4"]
[White "Vives Jaume, Oriol"]
[Black "Garcia Castany Musellas, Gal La"]
[Result "1/2-1/2"]
[WhiteElo "2099"]
[BlackElo "1993"]
[PlyCount "177"]
[EventDate "2012.09.29"]
[EventType "tourn"]
[EventRounds "9"]
[EventCountry "ESP"]
[SourceTitle "EXT 2014"]
[Source "ChessBase"]
[SourceDate "2013.11.20"]
[SourceVersion "1"]
[SourceVersionDate "2013.11.20"]
[SourceQuality "1"]

1. d4 d5 2. c4 c6 3. Nf3 Nf6 4. Nc3 dxc4 5. a4 Bf5 6. e3 e6 7. Bxc4 Bb4 8. 0-0 Nbd7 9. Qe2 0-0 10. e4 Bg4 11. e5 Nd5 12. Nxd5 cxd5 13. Bd3 f6 14. h3 Bxf3 15. Qxf3 fxe5 16. Qg4 e4 17. Qxe6+ Kh8 18. Bb5 Nb8 19. Qg4 a6 20. Be2 Nc6 21. Be3 Qe7 22. Rac1 Ba5 23. Rc5 Qd6 24. Rd1 Bb6 25. Rc2 Qb4 26. Qd7 Nxd4 27. Rcd2 Nxe2+ 28. Rxe2 Bxe3 29. fxe3 Rad8 30. Qe6 Qb3 31. Rd4 Qa2 32. Kh2 Qb3 33. Qe7 a5 34. Qc7 b6 35. Red2 Qxe3 36. Rxd5 Rxd5 37. Rxd5 Qf2 38. Rd8 h6 39. Rxf8+ Qxf8 40. Qxb6 Qf4+ 41. Kg1 Qe5 42. Qe3 Qd5 43. Kf2 Qc4 44. b3 Qc2+ 45. Qe2 e3+ 46. Kxe3 Qxb3+ 47. Qd3 Qxa4 48. Qd8+ Kh7 49. Qd3+ g6 50. Qc3 Qe8+ 51. Kd2 Qd7+ 52. Kc2 a4 53. h4 h5 54. g3 Qb7 55. Qa3 Qc6+ 56. Kb2 Qe4 57. Qc3 Qe7 58. Ka2 Kg8 59. Qd3 Kf7 60. Qf3+ Kg7 61. Qc3+ Qf6 62. Qd3 Qf7+ 63. Ka1 Qf6+ 64. Ka2 Qe6+ 65. Ka1 Qe7 66. Ka2 a3 67. Qc3+ Kg8 68. Qd3 Kf8 69. Qf3+ Kg7 70. Qc3+ Kh7 71. Qb3 Kh6 72. Qc3 Qf8 73. Qe3+ Kg7 74. Qc3+ Kh7 75. Qb3 Qe7 76. Qc3 Kg8 77. Qb3+ Kg7 78. Qc3+ Kf7 79. Qf3+ Qf6 80. Qxa3 Qf2+ 81. Kb1 Qe1+ 82. Kc2 Qe2+ 83. Kc1 Qc4+ 84. Kd2 Kf6 85. Qf3+ Ke5 86. Qe3+ Qe4 87. Ke2 Kf5 88. Qxe4+ Kxe4 89. Kf2 1/2-1/2

[Event "Cerdanyola del Valles 2nd"]
[Site "Cerdanyola del Valles"]
[Date "2012.10.20"]
[Round "3"]
[White "Vives Jaume, Oriol"]
[Black "Borges Ayats, Joaquim"]
[Result "0-1"]
[WhiteElo "2099"]
[BlackElo "2015"]
[PlyCount "122"]
[EventDate "2012.09.29"]
[EventType "tourn"]
[EventRounds "9"]
[EventCountry "ESP"]
[SourceTitle "EXT 2014"]
[Source "ChessBase"]
[SourceDate "2013.11.20"]
[SourceVersion "1"]
[SourceVersionDate "2013.11.20"]
[SourceQuality "1"]

1. d4 d5 2. c4 c6 3. Nf3 Nf6 4. Nc3 dxc4 5. a4 Bf5 6. e3 e6 7. Bxc4 Bb4 8. 0-0 0-0 9. Nh4 Nbd7 10. Nxf5 exf5 11. Qc2 Nb6 12. Be2 Qd7 13. Rd1 Rfe8 14. a5 Nbd5 15. a6 b6 16. Nxd5 Nxd5 17. Bf3 Rac8 18. Qb3 Bf8 19. Bxd5 Qxd5 20. Qxd5 cxd5 21. Bd2 Rc4 22. Kf1 Bd6 23. Ke2 f4 24. Kd3 fxe3 25. Bxe3 Rec8 26. Rac1 Kf8 27. Rxc4 Rxc4 28. b3 Rc6 29. g3 Ke7 30. Bf4 b5 31. Re1+ Kd7 32. Bxd6 Rxd6 33. Kc3 Rxa6 34. Kb4 Ra2 35. Re5 Kd6 36. Rf5 f6 37. Kxb5 Ke6 38. Rf3 Kd6 39. b4 Rd2 40. Rf4 Rb2 41. h4 a6+ 42. Ka4 Ke6 43. Ka5 Rb3 44. Ka4 Rd3 45. Ka5 g5 46. hxg5 fxg5 47. Rf8 Rxd4 48. Rb8 h5 49. Kxa6 h4 50. gxh4 gxh4 51. b5 Ra4+ 52. Kb7 d4 53. Re8+ Kf5 54. b6 h3 55. Re1 d3 56. Kc6 Rb4 57. b7 d2 58. Rd1 h2 59. Kc5 Rxb7 60. Kd4 Re7 61. Kd3 Re1 0-1

[Event "Cerdanyola del Valles 2nd"]
[Site "Cerdanyola del Valles"]
[Date "2012.09.29"]
[Round "1"]
[White "Vives Jaume, Oriol"]
[Black "Campos Cayuelas, Adria"]
[Result "0-1"]
[WhiteElo "2099"]
[BlackElo "2002"]
[PlyCount "135"]
[EventDate "2012.09.29"]
[EventType "tourn"]
[EventRounds "9"]
[EventCountry "ESP"]
[SourceTitle "EXT 2014"]
[Source "ChessBase"]
[SourceDate "2013.11.20"]
[SourceVersion "1"]
[SourceVersionDate "2013.11.20"]
[SourceQuality "1"]

1. d4 d5 2. c4 e6 3. Nc3 Nf6 4. cxd5 exd5 5. Bg5 Nbd7 6. e3 c6 7. Bd3 Bd6 8. Qc2 Nf8 9. Bh4 Ne6 10. Nf3 g6 11. 0-0 Ng7 12. e4 dxe4 13. Nxe4 Be7 14. Nxf6+ Bxf6 15. Rfe1+ Be6 16. Bxf6 Qxf6 17. Qb3 0-0-0 18. Qa3 Kb8 19. Be4 Bd5 20. Bxd5 Rxd5 21. Qe7 Qxe7 22. Rxe7 Rf8 23. Ne5 Nf5 24. Rxf7 Rxf7 25. Nxf7 Nxd4 26. Kf1 Nc2 27. Rc1 Rd2 28. Ne5 Nb4 29. Nc4 Nxa2 30. Re1 Rd4 31. b3 Nc3 32. Re8+ Kc7 33. g3 b5 34. Ne5 a5 35. f4 a4 36. bxa4 bxa4 37. Re7+ Kd6 38. Rd7+ Kc5 39. Nd3+ Rxd3 40. Rxd3 Kc4 41. Rd6 Kc5 42. Rd2 a3 43. Rc2 Kd4 44. Rc1 a2 45. Ra1 Kc4 46. g4 Kb3 47. h4 Nd5 48. f5 Ne3+ 49. Ke2 Nxg4 50. fxg6 hxg6 51. Kf3 Nh6 52. Re1 Nf5 53. Kg4 c5 54. h5 gxh5+ 55. Kxf5 c4 56. Ke4 h4 57. Kd4 c3 58. Kd3 h3 59. Rh1 h2 60. Re1 c2 61. Rc1 a1Q 62. Rxa1 Kb2 63. Rh1 c1Q 64. Rxh2+ Kb3 65. Re2 Qc3+ 66. Ke4 Kc4 67. Re3 Qf6 68. Rf3 0-1

[Event "Barcelona Sants op 14th"]
[Site "Barcelona"]
[Date "2012.08.17"]
[Round "1"]
[White "Munoz Pantoja, Miguel Angel"]
[Black "Vives Jaume, Oriol"]
[Result "1-0"]
[WhiteElo "2496"]
[BlackElo "2099"]
[PlyCount "78"]
[EventDate "2012.08.17"]
[EventType "swiss"]
[EventRounds "10"]
[EventCountry "ESP"]
[SourceTitle "CBM 150 Extra"]
[Source "ChessBase"]
[SourceDate "2012.10.19"]
[SourceVersion "1"]
[SourceVersionDate "2012.10.19"]
[SourceQuality "1"]

1. e4 e6 2. g3 d5 3. Bg2 dxe4 4. Bxe4 Nf6 5. Bg2 Be7 6. Nf3 0-0 7. 0-0 c5 8. d4 Nc6 9. dxc5 Qxd1 10. Rxd1 Bxc5 11. Nc3 e5 12. Na4 Be7 13. Be3 Rb8 14. Ne1 Bg4 15. Rd2 Rfd8 16. Rxd8+ Rxd8 17. Bxc6 bxc6 18. Bxa7 Ra8 19. Bc5 Rxa4 20. Bxe7 Nd5 21. Bd6 f6 22. b3 Ra8 23. a4 Kf7 24. a5 Nc3 25. a6 Ke6 26. Bc5 Kd7 27. a7 g6 28. f3 Be6 29. Nd3 Kc7 30. Kf2 Bf5 31. Nb4 Kb7 32. Ra6 Nd5 33. Rxc6 Nxb4 34. Rb6+ Kxa7 35. Rxb4+ Ka6 36. Rb6+ Ka5 37. c4 Bc2 38. Be3 f5 39. c5 Bd3 1-0

[Event "Barcelona Ateneu Colon op 7th"]
[Site "Barcelona"]
[Date "2012.03.28"]
[Round "3"]
[White "Perez Mitjans, Orelvis"]
[Black "Vives Jaume, Oriol"]
[Result "1-0"]
[WhiteElo "2482"]
[BlackElo "1999"]
[PlyCount "77"]
[EventDate "2012.03.14"]
[EventType "swiss"]
[EventRounds "9"]
[EventCountry "ESP"]
[SourceTitle "EXT 2013"]
[Source "ChessBase"]
[SourceDate "2012.11.22"]
[SourceVersion "1"]
[SourceVersionDate "2012.11.22"]
[SourceQuality "1"]

1. e4 c5 2. Nf3 d6 3. d4 cxd4 4. Nxd4 Nf6 5. Nc3 a6 6. Bg5 e6 7. Qf3 Be7 8. 0-0-0 Qc7 9. Qg3 Nbd7 10. f3 b5 11. Bxf6 Nxf6 12. Bxb5+ axb5 13. Ndxb5 Qc5 14. Nxd6+ Bxd6 15. Qxd6 Qxd6 16. Rxd6 Bb7 17. a4 Ke7 18. Rhd1 Rhd8 19. Rxd8 Rxd8 20. Rxd8 Kxd8 21. b4 Nd7 22. Kb2 f5 23. exf5 exf5 24. a5 g5 25. b5 h5 26. Ne2 Kc7 27. c4 Ne5 28. Kc3 h4 29. f4 gxf4 30. Nxf4 Ng4 31. c5 Nxh2 32. a6 Ba8 33. Kd4 Bxg2 34. b6+ Kb8 35. a7+ Ka8 36. Nxg2 Nf3+ 37. Kd5 h3 38. c6 hxg2 39. c7 1-0

[Event "Catalunya-chT"]
[Site "Catalunya"]
[Date "2012.02.18"]
[Round "4.9"]
[White "Vives Jaume, Oriol"]
[Black "Lopez Agustench, Eduard"]
[Result "0-1"]
[WhiteElo "1999"]
[BlackElo "2220"]
[PlyCount "68"]
[EventDate "2012.01.28"]
[EventType "team-tourn"]
[EventRounds "11"]
[EventCountry "ESP"]
[SourceTitle "EXT 2013"]
[Source "ChessBase"]
[SourceDate "2012.11.22"]
[SourceVersion "1"]
[SourceVersionDate "2012.11.22"]
[SourceQuality "1"]
[WhiteTeam "Cerdanyola Valles"]
[BlackTeam "Barcelona Escola Escacs"]
[WhiteTeamCountry "ESP"]
[BlackTeamCountry "ESP"]

1. d4 d5 2. c4 e6 3. Nc3 Be7 4. Bf4 Nf6 5. e3 0-0 6. Bd3 c5 7. dxc5 Bxc5 8. Nf3 Nc6 9. 0-0 a6 10. Rc1 Re8 11. Ne5 Bd6 12. Nxc6 bxc6 13. Bxd6 Qxd6 14. e4 d4 15. c5 Qe7 16. Na4 e5 17. Nb6 Ra7 18. Qa4 Qc7 19. f4 exf4 20. Qxd4 Rd8 21. Qc3 Ng4 22. Bc4 f3 23. g3 Ne5 24. Rfd1 Re8 25. Rd6 Bg4 26. Kf2 h5 27. Rcd1 Qe7 28. Qd4 Kh7 29. Be6 Ng6 30. Bd7 Qxe4 31. Qxe4 Rxe4 32. R1d2 Ne5 33. Bxg4 hxg4 34. R6d4 f5 0-1

[Event "Mollet CM"]
[Site "Mollet del Valles"]
[Date "2011.12.09"]
[Round "7"]
[White "Delisau Gil, Oriol"]
[Black "Vives Jaume, Oriol"]
[Result "1-0"]
[WhiteElo "1945"]
[BlackElo "1974"]
[PlyCount "57"]
[EventDate "2011.12.03"]
[EventType "tourn"]
[EventRounds "9"]
[EventCountry "ESP"]
[SourceTitle "CBM 145 Extra"]
[Source "ChessBase"]
[SourceDate "2012.01.03"]
[SourceVersion "1"]
[SourceVersionDate "2012.01.03"]
[SourceQuality "1"]

1. e4 c5 2. Nf3 d6 3. d4 cxd4 4. Qxd4 Nc6 5. Bb5 Bd7 6. Bxc6 Bxc6 7. Nc3 Nf6 8. Bg5 e6 9. 0-0-0 Be7 10. Qd3 Qa5 11. h4 h6 12. Bxf6 Bxf6 13. Nd4 0-0 14. f4 d5 15. e5 Be7 16. g4 Bb4 17. h5 f6 18. exf6 Bxc3 19. bxc3 Rxf6 20. g5 hxg5 21. h6 Qa3+ 22. Kb1 Rxh6 23. Rxh6 gxh6 24. Qg6+ Kf8 25. Nxe6+ Ke7 26. Re1 Qxc3 27. Qh7+ Kf6 28. Qg7+ Kf5 29. Qxc3 1-0

[Event "Mollet CM"]
[Site "Mollet del Valles"]
[Date "2011.12.05"]
[Round "3"]
[White "Vives Jaume, Oriol"]
[Black "Shatko, Danil"]
[Result "0-1"]
[WhiteElo "1974"]
[BlackElo "2125"]
[PlyCount "82"]
[EventDate "2011.12.03"]
[EventType "tourn"]
[EventRounds "9"]
[EventCountry "ESP"]
[SourceTitle "CBM 145 Extra"]
[Source "ChessBase"]
[SourceDate "2012.01.03"]
[SourceVersion "1"]
[SourceVersionDate "2012.01.03"]
[SourceQuality "1"]

1. d4 d6 2. c4 e5 3. Nf3 e4 4. Ng5 f5 5. Nc3 h6 6. Nh3 g5 7. e3 Nf6 8. Be2 Be6 9. d5 Bf7 10. b3 Bg7 11. Bb2 0-0 12. Nb5 Qd7 13. Qd2 Rd8 14. Nd4 a6 15. Rb1 Re8 16. Ba1 Kh7 17. Rd1 Kg6 18. Qc2 c5 19. dxc6 bxc6 20. b4 Kh7 21. Nb3 Qe7 22. Qd2 d5 23. a3 Nbd7 24. Nd4 Be6 25. Nxc6 Qf7 26. cxd5 Bxd5 27. Nd4 f4 28. Nf5 Bf8 29. Rc1 f3 30. Bf1 Ng4 31. Ng3 Nde5 32. Nxe4 Bxe4 33. Qd4 Qd5 34. g3 Rec8 35. Rd1 Qxd4 36. exd4 Nd7 37. Ng1 a5 38. Bh3 Ngf6 39. Kd2 g4 40. Bf1 axb4 41. h3 Rxa3 0-1

[Event "Mollet CM"]
[Site "Mollet del Valles"]
[Date "2011.12.03"]
[Round "1"]
[White "Vives Jaume, Oriol"]
[Black "Camus, Adrian Hugo"]
[Result "1-0"]
[WhiteElo "1974"]
[BlackElo "1955"]
[PlyCount "127"]
[EventDate "2011.12.03"]
[EventType "tourn"]
[EventRounds "9"]
[EventCountry "ESP"]
[SourceTitle "CBM 145 Extra"]
[Source "ChessBase"]
[SourceDate "2012.01.03"]
[SourceVersion "1"]
[SourceVersionDate "2012.01.03"]
[SourceQuality "1"]

1. d4 d5 2. c4 c6 3. Nf3 Nf6 4. Nc3 e6 5. e3 Nbd7 6. Qc2 Bd6 7. Bd3 0-0 8. 0-0 e5 9. cxd5 cxd5 10. dxe5 Nxe5 11. Be2 Nxf3+ 12. Bxf3 Ng4 13. g3 Ne5 14. Bxd5 Bh3 15. Bg2 Qc8 16. f4 Bxg2 17. Kxg2 Ng4 18. h3 Nf6 19. Qf2 b5 20. Qf3 b4 21. Nd5 Nxd5 22. Qxd5 Rd8 23. Qf3 Bc7 24. b3 Bb6 25. Bb2 Rd3 26. Rac1 Qe8 27. Rfe1 Rad8 28. Rc2 Rxe3 29. Rxe3 Qxe3 30. Qxe3 Bxe3 31. Kf3 Bb6 32. Ke4 f6 33. Rc4 Rd2 34. Bd4 Rxa2 35. Bxb6 axb6 36. Rxb4 Re2+ 37. Kf5 Kf7 38. Rxb6 g6+ 39. Kg4 Rb2 40. f5 Rf2 41. Rb7+ Kg8 42. fxg6 hxg6 43. b4 Kf8 44. b5 Kg8 45. h4 Rb2 46. Kf3 Rb3+ 47. Kf4 Rb4+ 48. Ke3 Rb3+ 49. Kd4 Rxg3 50. Re7 Rg4+ 51. Re4 Rg1 52. b6 Rb1 53. Kc5 f5 54. Rb4 Rc1+ 55. Kd5 Rd1+ 56. Kc5 Rc1+ 57. Rc4 Rb1 58. Kc6 Kf7 59. b7 Kf6 60. Kc7 g5 61. Rc6+ Ke5 62. hxg5 Rxb7+ 63. Kxb7 f4 64. Rf6 1-0